Human Motivation : A key factor for management
Saved in:
| Main Author: | |
|---|---|
| Format: | Book |
| Language: | Undetermined |
| Published: |
Tokyo
3A Corporation
1991
|
| Subjects: | |
| Tags: |
Add Tag
No Tags, Be the first to tag this record!
|
| Institutions: | Trung tâm Học liệu Trường Đại học Cần Thơ |
|---|
| LEADER | 00501nam a2200193Ia 4500 | ||
|---|---|---|---|
| 001 | CTU_107042 | ||
| 008 | 210402s9999 xx 000 0 und d | ||
| 082 | |a 153.8 | ||
| 082 | |b K82 | ||
| 100 | |a Kondo, Yoshio | ||
| 245 | 0 | |a Human Motivation : | |
| 245 | 2 | |b A key factor for management | |
| 245 | 0 | |c Yoshio Kondo | |
| 260 | |a Tokyo | ||
| 260 | |b 3A Corporation | ||
| 260 | |c 1991 | ||
| 650 | |a Motivation (psychology) | ||
| 904 | |i Năm | ||
| 980 | |a Trung tâm Học liệu Trường Đại học Cần Thơ | ||